| 000 | 00607nam a22002057a 4500 | ||
|---|---|---|---|
| 003 | OSt | ||
| 005 | 20140310183112.0 | ||
| 008 | 130404t xxu||||| |||| 00| 0 eng d | ||
| 050 |
_aBJ1873 _b.N433 2005 |
||
| 082 |
_aFIL 153.6 _bN34 2005 |
||
| 245 |
_aThe art of relating with people : _bmanners and etiquette, maxims for guiding conduct _cNem Singh, Rosario P. |
||
| 260 |
_aQuezon City : _bIsa-Jecho Pub., _c2005. |
||
| 300 |
_avi, 180p. : _bill.; _c20cm. |
||
| 521 | _aCollege | ||
| 526 | _c1210L to 1700L | ||
| 541 | _j1 | ||
| 541 | _j2 | ||
| 562 | _e2 | ||
| 942 |
_2lcc _cBK _kFIL |
||
| 999 |
_c18861 _d18861 |
||